MAKING PLANNING WORK: (Record no. 6572)

000 -LEADER
fixed length control field 00399nam a22001097a 4500
008 - FIXED-LENGTH DATA ELEMENTS--GENERAL INFORMATION
fixed length control field 200208b ||||| |||| 00| 0 eng d
020 ## - INTERNATIONAL STANDARD BOOK NUMBER
International Standard Book Number 9781853396489
082 ## -
Classification number 320. 6 MAK
100 ## - MAIN ENTRY--PERSONAL NAME
Personal name HAGUE, CLIFF.
Titles and other words associated with a name HAGUE, CLIFF., WAKELY, PATRICK., CRESPIN, JULIE., AND JASKO, CHRIS.
245 ## - TITLE STATEMENT
Title MAKING PLANNING WORK:
Remainder of title A GUIDE TO APPROACHES A SKILLS
260 ## - PUBLICATION, DISTRIBUTION, ETC. (IMPRINT)
Place of publication, distribution, etc. WARWICKSHIRE,
Name of publisher, distributor, etc. PRACTICAL ACTION PUBLISHING
Date of publication, distribution, etc. 2006.
Holdings
Withdrawn status Lost status Source of classification or shelving scheme Damaged status Koha normalized classification for sorting Not for loan Home library Current library Date acquired Total Checkouts Full call number Barcode Date last seen Price effective from Koha item type
        320_000000000000000__6_MAK   Dodoma Dodoma 08/02/2020   320. 6 MAK 0000000017244 08/02/2020 08/02/2020 BOOKS

IRDP © 2019 :: Managed by IRDP ICT Unit